000
00269nam a2200109Ia 4500
008
190216s9999||||xx |||||||||||||| ||und||
100
_a
Nikolay Yefimov
245
0
_a
Vithyasthamaya Oru Jeevitha Reethi
260
_b
Soviet Pub
650
_a
Essay Malayalam
942
_c
BK
999
_c
25522
_d
25522